Name a Country Where These Amphibians Are Found #1 - Statistics

General Stats
  • This quiz has been taken 11 times
  • The average score is 53 of 151
Answer Stats
Picture Hint Answer % Correct
Common Surinam Toad Brazil | Peru | Ecuador | Colombia | Venezuela | Guyana | Bolivia | Suriname | France (French Guiana)
100%
Caucasian Toad Azerbaijan | Georgia | Lebanon | Iran | Russia | Turkey
88%
Mexican Burrowing Toad Mexico | Guatemala | Belize | El Salvador | Honduras | Nicaragua | Costa Rica
75%
European Fire-Bellied Toad Russia | Belarus | Ukraine | Romania | Bulgaria | Turkey | Lithuania | Poland | Germany | Sweden | United Kingdom | Czech Republic | Slovakia | Hungary | Moldova | Bosnia & Herzegovina | Croatia | Austria | Slovenia | Serbia | France | Greece | Kazakhstan | Denmark
75%
European Green Toad Russia | Estonia | Latvia | Lithuania | Belarus | Ukraine | Romania | Moldova | Bulgaria | Kazakhstan | Turkey | Greece | North Macedonia | Serbia | Albania | Kosovo | Montenegro | Italy | Malta | Croatia | Bosnia & Herzegovina | Slovakia | Czech Republic | Poland | Germany | Austria | Hungary | Slovenia | France | Denmark
75%
African Clawed Frog Angola | Botswana | Cameroon | Central African Republic | China | Democratic Republic of the Congo | Republic of the Congo | Estonia | Gabon | Kenya | Lesotho | Malawi | Mozambique | Namibia | Nigeria | South Africa | Eswatini | Tanzania | Zambia | Zimbabwe | Chile | France | Indonesia | Italy | Mexico | Portugal | United Kingdom | United States of America
63%
Antilles Coquí Antigua & Barbuda | Barbados | Dominica | Grenada | Saint Kitts & Nevis | Saint Lucia | Saint Vincent & the Grenadines | Brazil | Colombia | Costa Rica | Guyana | Jamaica | Panama | Trinidad & Tobago | Venezuela | France (Multiple Territories) | United Kingdom (Multiple Island Territories)
63%
Asiatic Toad China | Taiwan | Japan | Russia
63%
Andean Orange-Thighed Frog Colombia
63%
Malabar Tree Toad India
63%
Colorado River Toad Mexico | United States of America
63%
Arroyo Toad Mexico | United States of America
63%
Oriental Fire-Bellied Toad North Korea | South Korea | Russia | China
63%
Arabian Toad Oman | Saudi Arabia | United Arab Emirates | Yemen
63%
Asian Common Toad Pakistan | Nepal | Bangladesh | India | Sri Lanka | Myanmar | Thailand | Laos | Vietnam | Cambodia | China | Taiwan | Malaysia | Singapore | Indonesia
63%
Palawan Horned Frog Philippines
63%
Iberian Parsley Frog Spain | Portugal
63%
African Red Toad Tanzania | Malawi | Democratic Republic of the Congo | Angola | Zambia | Mozambique | Zimbabwe | Botswana | Eswatini | South Africa | Kenya | Namibia
63%
Great Basin Spadefoot Toad United States of America
63%
Oak Toad United States of America
63%
Yosemite Toad United States of America
63%
Fowler's Toad United States of America | Canada
63%
American Toad United States of America | Canada
63%
Cane Toad United States of America | Mexico | Guatemala | Belize | El Salvador | Honduras | Nicaragua | Costa Rica | Panama | Colombia | Venezuela | Peru | Ecuador | Brazil | Guyana | Suriname | Bolivia | Cuba | Haiti | Dominican Republic | Jamaica | Barbados | Australia | Papua New Guinea | Solomon Islands | Indonesia | Taiwan | Philippines | Palau | Fiji | Tonga | Tuvalu | United Kingdom (Bermuda) | United States of America (Guam & Northern Mariana Islands) | France (French Guiana)
63%
Puerto Rican Crested Toad United States of America (Puerto Rico & U.S. Virgin Islands) | United Kingdom (British Virgin Islands) | Spain (Spanish Virgin Islands)
63%
Common Coquí United States of America | United Kingdom (British Virgin Islands) | Spain (Spanish Virgin Islands)
63%
African Common Toad Angola | Benin | Burkina Faso | Cameroon | Cape Verde | Central African Republic | Chad | Republic of the Congo | Democratic Republic of the Congo | Ivory Coast | Egypt | Ethiopia | Gabon | Ghana | Guinea | Guinea-Bissau | Kenya | Liberia | Mali | Niger | Nigeria | Rwanda | Senegal | Sierra Leone | Sudan | Uganda
50%
Carvalho's Surinam Toad Brazil
50%
Giant River Toad Brunei | Indonesia | Malaysia
50%
African Giant Toad Cameroon | Central African Republic | Republic of the Congo | Democratic Republic of the Congo | Ivory Coast | Equatorial Guinea | Gabon | Ghana | Nigeria
50%
Coastal Tailed Frog Canada | United States of America
50%
Bleeding Toad Indonesia
50%
Gulf Coast Toad Mexico | Guatemala | Belize | Honduras | Nicaragua | Costa Rica
50%
Barking Frog Mexico | United States of America
50%
African Green Toad Morocco | Algeria | Tunisia | Libya | Egypt | Israel | Malta | Jordan
50%
Common Spadefoot Russia | Ukraine | Belarus | Estonia | Latvia | Lithuania | Germany | Poland | Denmark | Netherlands | Belgium | Italy | Czech Republic | Hungary | Slovakia | Romania | Moldova | Kazakhstan | Croatia | Slovenia | France | Bulgaria | Bosnia & Herzegovina | Serbia | Austria | Sweden
50%
Common Toad Russia | United Kingdom | Norway | Sweden | Finland | Denmark | Netherlands | Kazakhstan | China | Azerbaijan | Italy | San Marino | Vatican City | Morocco | Algeria | Tunisia | Portugal | Spain | France | Andorra | Monaco | Malta | Greece | Turkey | Ukraine | Poland | Germany | Belgium | Luxembourg | Liechtenstein | Switzerland | Slovenia | Estonia | Latvia | Lithuania | Moldova | Romania | Bulgaria | Belarus | Austria | Czech Republic | Croatia | Slovakia | Serbia | Bosnia & Herzegovina | Kosovo | Montenegro | Albania | North Macedonia | Hungary
50%
Iberian Midwife Toad Spain | Portugal
50%
Red-Spotted Toad United States of America | Mexico
50%
Golden Coquí United States of America (Puerto Rico)
50%
Guttural Toad Angola | Botswana | Democratic Republic of the Congo | Ethiopia | Eswatini | Kenya | Lesotho | Malawi | Mauritius | Mozambique | Namibia | Somalia | South Africa | Tanzania | Zambia | Zimbabwe | France (Réunion)
38%
Eastern Spadefoot Armenia | Azerbaijan | Bulgaria | Greece | Georgia | Iran | Israel | Lebanon | North Macedonia | Romania | Russia | Serbia | Syria | Turkey
38%
Eastern Banjo Frog Australia
38%
Crucifix Frog Australia
38%
Southern Corroboree Frog Australia
38%
Desert Froglet Australia
38%
Northern Sandhill Frog Australia
38%
Smooth-Sided Toad Bolivia | Brazil | Colombia | Ecuador | Peru | Venezuela | Guyana | Suriname | France (French Guiana)
38%
Pumpkin Toadlet Brazil
38%
Emei Moustache Toad China
38%
Evergreen Toad Colombia | Ecuador | Panama | Costa Rica
38%
Pristimantis Altamazonicus Colombia | Ecuador | Peru
38%
Eastern Olive Toad Ethiopia | Somalia | Kenya | Tanzania | Mozambique | Zambia | Zimbabwe | Botswana | South Africa | Eswatini | Namibia | Angola
38%
Yellow-Bellied Toad France | Germany | Luxembourg | Belgium | Poland | Czech Republic | Ukraine | Romania | Moldova | Bulgaria | Greece | Serbia | Montenegro | Kosovo | Switzerland | Slovenia | Hungary | Austria | Slovakia | North Macedonia | Albania | Croatia | Bosnia & Herzegovina | Italy | Liechtenstein
38%
Common Midwife Toad France | Spain | Portugal | Belgium | Netherlands | Germany | Switzerland | Luxembourg | United Kingdom
38%
Asian Horned Frog Indonesia
38%
Wokan Cannibal Frog Indonesia | Papua New Guinea
38%
Apennine Yellow-Bellied Toad Italy
38%
Pine Toad Mexico
38%
Darien Stubfoot Toad Panama
38%
Red-Eyed Coqui Panama | United States of America (Puerto Rico & U.S. Virgin Islands) | United Kingdom (British Virgin Islands)
38%
Busuanga Jungle Toad Philippines
38%
Lusitanian Parsley Frog Portugal
38%
Western Spadefoot Spain | Portugal | France
38%
Natterjack Toad Spain | Portugal | France | Andorra | Monaco | United Kingdom | Ireland | Denmark | Netherlands | Belgium | Sweden | Estonia | Latvia | Lithuania | Belarus | Ukraine | Switzerland | Slovakia | Poland | Germany | Luxembourg | Czech Republic | Russia | Austria
38%
Long-Nosed Horned Frog Thailand | Malaysia | Singapore | Indonesia
38%
Black Toad United States of America
38%
Brongersma's Toad Algeria | Morocco
25%
Painted Frog Algeria | Tunisia | France | Spain | Italy | Malta
25%
Bumble Bee Toad Argentina
25%
Emerald Forest Frog Argentina | Chile
25%
Cope's Toad Argentina | Paraguay | Uruguay | Bolivia | Brazil
25%
Western Spotted Frog Australia
25%
Ornate Burrowing Frog Australia
25%
Red-Crowned Toadlet Australia
25%
Spotted Grass Frog Australia
25%
Tusked Frog Australia
25%
Giant Burrowing Frog Australia
25%
Great Barred Frog Australia
25%
Sudell's Frog Australia
25%
Fleay's Barred Frog Australia
25%
Giant Barred Frog Australia
25%
Turtle Frog Australia
25%
Marbled Rain Frog Bolivia | Ecuador | Peru
25%
Two-Lined Robber Frog Brazil
25%
Adelophryne Mucronatus Brazil
25%
Jimi's Toad Brazil
25%
Pristimantis Zeuctotylus Brazil | Colombia | Guyana | Suriname | Venezuela | France (French Guiana)
25%
Helmeted Water Toad Chile
25%
Red-Spotted Toothed Toad China
25%
Bijie Leaf Litter Toad China
25%
Spiny Lazy Toad China | India
25%
Chapa Spadefoot Toad China | Laos | Thailand | Vietnam
25%
Short-Legged Horned Toad China | Vietnam
25%
Wine Robber Frog Colombia
25%
Pristimantis Veletis Colombia
25%
Ruiz's Robber Frog Colombia
25%
Elegant Robber Frog Colombia
25%
Starry Night Toad Colombia
25%
Herveo Plump Toad Colombia
25%
Pygmy Rain Frog Colombia | Costa Rica | Panama | Honduras | Nicaragua
25%
Niceforonia Nigrovittata Colombia | Ecuador | Peru
25%
Fort Randolph Robber Frog Costa Rica | Panama | Colombia
25%
Barahona Rock Frog Dominican Republic | Haiti
25%
Southern Pastel Frog Dominican Republic | Haiti
25%
Orces Robber Frog Ecuador
25%
Valle Santiago Beaked Toad Ecuador | Peru
25%
Pristimantis Acuminatus Ecuador | Peru | Colombia | Brazil
25%
Purple Harlequin Toad France (French Guiana)
25%
New River Robber Frog Guyana | Suriname | Brazil | France (French Guiana)
25%
Rock Toad India
25%
Ornate Toad India
25%
Red Torrent Toad India
25%
Hasselt's Toad Indonesia
25%
Marsabit Clawed Frog Kenya | Tanzania
25%
Red-Legged Horn Frog Malaysia | Thailand | Myanmar
25%
Great Peeping Frog Mexico
25%
Kodok Puru Kerdil Myanmar | Thailand | Cambodia | Malaysia | Indonesia
25%
Karin Hills Frog Myanmar | Thailand | China
25%
Karoo Toad Namibia | South Africa | Lesotho | Eswatini
25%
Dhofar Toad Oman | Saudi Arabia | United Arab Emirates | Yemen
25%
Lily Rodriguez's Beaked Toad Peru
25%
Cederberg Ghost Frog South Africa
25%
Eastern Leopard Toad South Africa
25%
Natal Ghost Frog South Africa | Lesotho | Eswatini
25%
Spiny Toad Spain | Portugal | France | Italy | Morocco | Algeria | Tunisia | Andorra
25%
Smith's Litter Frog Thailand | Myanmar | Laos
25%
Eastern Spadefoot Toad United States of America | Mexico
25%
Annam Spadefoot Toad Vietnam | Laos
25%
Northern Pygmy Toad Botswana | Eswatini | Mozambique | Namibia | South Africa | Zambia | Zimbabwe
13%
Miguel's Toad Chile
13%
Oriente Mottled Frog Cuba
13%
Western Giant Toad Cuba
13%
Turquino Spiny Frog Cuba
13%
Monte Iberia Eleuth Cuba
13%
Pristimantis Crenunguis Ecuador
13%
Blue-Thighed Rainfrog Ecuador
13%
Ornate Rainfrog Ecuador
13%
Thickskin Robber Frog Ecuador
13%
Yellow-Groined Rainfrog Ecuador
13%
Pristimantis Erythros Ecuador
13%
Hula Painted Frog Israel
13%
John Crow Yellow-Bellied Frog Jamaica
13%
Archey's Frog New Zealand
13%
Musical Rain Frog Panama
13%
Yellow Dyer Rainfrog Panama
13%
Royal Ghost Frog South Africa
13%
Raucous Toad South Africa | Lesotho | Eswatini
13%
Betic Midwife Toad Spain
13%
Kandyan Dwarf Toad Sri Lanka
13%
Apradatepui Rain Frog Venezuela
13%
No matching quizzes found
Score Distribution
Percent of People with Each Score
Percentile by Number Answered
Your Score History
You have not taken this quiz